MARC

LEADER 00000nam0a2200000 4500
001 71119
005 20231031082340.0
035 |a (RuTPU)RU\TPU\book\75700 
090 |a 71119 
100 |a 20041208d1969 k y0rusy50 ca 
101 0 |a rus 
102 |a RU 
105 |a a z 001zy 
200 1 |a Месторождения нерудных полезных ископаемых, их разведка и промышленная оценка  |f В. М. Борзунов 
210 |a Москва  |c Недра  |d 1969 
215 |a 336 с .  |c ил. 
320 |a Библиогр.: с. 323-332. 
451 1 |0 (RuTPU)RU\TPU\book\77596  |t Разведка и промышленная оценка месторождений нерудных полезных ископаемых  |f В. М. Борзунов  |c М.  |n Недра  |d 1982  |p 310 с.  |a Борзунов, Виктор Михайлович 
610 1 |a геология 
610 1 |a полезные ископаемые 
610 1 |a неметаллические полезные ископаемые 
610 1 |a месторождения 
610 1 |a нерудные полезные ископаемые 
610 1 |a разведка 
610 1 |a промышленная оценка 
610 1 |a методики 
610 1 |a подсчет запасов 
675 |a 553.5/.6  |v 3 
700 1 |a Борзунов  |b В. М.  |g Виктор Михайлович 
801 1 |a RU  |b 63413507  |c 20041208  |g PSBO 
801 2 |a RU  |b 63413507  |c 20160915  |g PSBO 
942 |c BK